| 000 | 00535nam a2200181 a 4500 | ||
|---|---|---|---|
| 001 | 6752 | ||
| 003 | CO-ViMGA | ||
| 008 | 141112s2004 ck r 000 u spa d | ||
| 040 |
_aCO-ViMGA _bspa _cCO-ViMGA |
||
| 082 | 0 | 4 | _a636.1 N672 |
| 100 | 1 |
_aNordby, Julius E _95667 |
|
| 245 | 1 | 0 |
_aSelección, preparación y exposición de caballos / _cNordby Julius E. , Lattig Herbert E. |
| 260 |
_aBuenos Aires : _bAlbatros, _c1989 |
||
| 300 | _a155 p : il | ||
| 650 | 1 | 4 |
_aCABALLOS _951145 |
| 650 | 1 | 4 |
_aLattig, Herbert E. _95668 |
| 942 |
_2ddc _cBK |
||
| 999 |
_c18721 _d18721 |
||